000
00260nam a22001217a 4500
008
170831b xxu||||| |||| 00| 0 eng d
041
_a
eng
080
_a
070
100
_a
40
101
_a
NED
245
_a
ZOOMLES PHOTOGRAPHY
_c
HAWKEN.W.R
942
_2
udc
_c
BK
999
_c
25757
_d
25757